Muhafazakar popülizm : (Kayıt no. 10294)
[ düz görünüm ]
| 000 -BAŞLIK | |
|---|---|
| Sabit Uzunluktaki Kontrol Alanı | 00769nam a22002417a 4500 |
| 003 - KONTROL NUMARASI KİMLİĞİ | |
| Kontrol Alanı | KOHA_MİRAKIL |
| 005 - EN SON İŞLEM TARİHİ ve ZAMANI | |
| Kontrol Alanı | 20260416092646.0 |
| 008 - SABİT UZUNLUKTAKİ VERİ ÖGELERİ - GENEL BİLGİ | |
| Sabit Alan | 260416b tu ||||| |||| 00| 0 tur d |
| 020 ## - ISBN - ULUSLARARASI STANDART KİTAP NUMARASI | |
| Isbn | 9789755336930 |
| 040 ## - KATALOGLAMA KAYNAĞI | |
| Özgün Kataloglama Kurumu | TR-AnABB |
| Kataloglama Dili | tur |
| Çeviri Kurumu | TR-AnABB |
| 041 ## - DİL KODU | |
| Metin ya da ses kaydının dil kodu | tur |
| 082 ## - DEWEY ONU SINIFLAMA SİSTEMİ | |
| Sınıflama Numarası | 320.9561 |
| Cutter numarası | SEN 2011 |
| 100 1# - KİŞİ ADI | |
| Yazar Adı (Kişi adı) | Şengül, H. Tarık |
| 245 10 - ESER ADI BİLDİRİMİ | |
| Başlık | Muhafazakar popülizm : |
| Alt Eseradı vb. | iki rekat bir zekat gerisi rant / |
| Sorumluluk Bildirimi | H. Tarık Şengül |
| 250 ## - BASIM BİLDİRİMİ | |
| Basım Bildirimi | 1. baskı |
| 260 ## - YAYIN, DAĞITIM, VB. | |
| Yayın Yeri | Ankara : |
| Yayınevi | İmge Kitabevi, |
| Yayın Tarihi | 2011 |
| 300 ## - FİZİKSEL TANIMLAMA | |
| Sayfa, Cilt vb. | 222 sayfa ; |
| Boyutları | 20 cm |
| 500 ## - GENEL NOT | |
| Genel Not | Yazar tarafından Prof Dr. Ruşen Keleş için imzalanmıştır. |
| 650 04 - KONU BAŞLIĞI EK GİRİŞ - KONU TERİMİ | |
| Konusal terim veya coğrafi ad | Siyaset, Türkiye, 21. Yüzyıl |
| 650 04 - KONU BAŞLIĞI EK GİRİŞ - KONU TERİMİ | |
| Konusal terim veya coğrafi ad | Kentsel rant |
| 900 ## - YEREL BİLGİ | |
| Kontrol | Can ÇELIK |
| 942 ## - EK GİRİŞ ÖGELERİ (KOHA) | |
| Sınıflama Kaynağı | Dewey Decimal Classification |
| Materyal Türü | Kitap |
| Geri Çekilme Durumu | Kayıp Durumu | Sınıflandırma Kaynağı | Kredi için değil | Kalıcı Konum | Mevcut Konum | Kayıt Tarih | Toplam Ödünçverme | Yer Numarası | Demirbaş Numarası | Son Görülme Tarihi | Fatura Tarihi | Materyal Türü |
|---|---|---|---|---|---|---|---|---|---|---|---|---|
| Dewey Decimal Classification | Prof. Dr. Ruşen Keleş Kütüphanesi | Prof. Dr. Ruşen Keleş Kütüphanesi | 16/04/2026 | 320.9561 SEN 2011 | RK7185 | 16/04/2026 | 16/04/2026 | Kitap |
